000 01388nam a2200421 c 4500
001 14098
003 ES-MaCES
005 20190720040017.0
008 020927s2002 sp t 000 | spa d
017 _aNA 1966-2002
_bDL
020 _a8484109194
035 _aCES20020012238m
040 _aES-MaCES
_bspa
_cES-MaCES
100 1 _aSánchez Trigueros, Carmen
_923349
245 1 3 _aEl riesgo durante el embarazo
_b: (el régimen laboral y de Seguridad Social)
_cCarmen Sánchez Trigueros
260 _aCizur Menor (Navarra)
_bAranzadi
_c[2002]
300 _a228 p.
_c24 cm
490 1 _aMonografías Aranzadi
_v224. Derecho laboral
500 _aÍndices
500 _aAnexo normativo: p. 139-214
504 _aBibliografía: p. 221-228
541 _cCompra
650 4 _amujeres
_928657
650 4 _atrabajadora
_928413
650 4 _aembarazo
_929243
650 4 _ariesgo
_929564
650 4 _alegislación del trabajo
_927166
650 4 _aseguridad social
_927034
650 4 _alegislación de seguridad social
_929855
650 4 _aEspaña
_926964
650 4 _arégimen jurídico
_929894
653 1 0 _aDerecho del trabajo y Seguridad Social
830 0 _aMonografías Aranzadi
_v224
_932673
830 0 _aMonografías Aranzadi
_pDerecho laboral
_933164
902 _aLIB Libro
942 _2CES
_cBK
_h6.0.1.
999 _c14098
_d14098